|
|
|
|
| LEADER |
01038pam a22003018a 4500 |
| 001 |
00037187 |
| 005 |
20171026081025.0 |
| 008 |
170510s2006 ||||||Viesd |
| 041 |
0 |
# |
|a Vie
|
| 082 |
1 |
4 |
|a 398.209 597
|b TR527TH
|
| 100 |
1 |
# |
|a Vũ, Ngọc Khánh
|e Sưu tầm, biên soạn
|
| 245 |
1 |
0 |
|a Truyền thống văn hóa các dân tộc thiểu số Việt Nam
|c Vũ Ngọc Khánh (sưu tầm, biên soạn)
|n Tập 2
|
| 260 |
# |
# |
|a Hà Nội
|c 2006
|b Thanh Niên
|
| 300 |
# |
# |
|a 335 tr.
|c 29 cm.
|
| 653 |
# |
# |
|a Dân tộc thiểu số
|
| 653 |
# |
# |
|a Việt Nam
|
| 653 |
# |
# |
|a Văn học dân gian
|
| 653 |
# |
# |
|a Văn hóa
|
| 852 |
# |
# |
|b Kho mượn
|j KM.0021096, KM.0021097, KM.0021098, KM.0021099
|
| 852 |
# |
# |
|j KM.0021097
|j KM.0021098
|j KD.0019999
|j KM.0021096
|j KM.0021099
|
| 852 |
# |
# |
|b Kho đọc
|j KD.0019999
|
| 910 |
|
|
|d 10/05/2017
|
| 980 |
# |
# |
|a Trung tâm Học liệu Lê Vũ Hùng, Trường Đại học Đồng Tháp
|